日本の市営バス(1985年) - Statistics

General Stats
  • This quiz has been taken 105 times
  • The average score is 28 of 37
Answer Stats
地方 事業者 廃止 % Correct
北海道 札幌市交通局 2004年
96%
北海道 函館市企業局交通部 2003年
93%
中部 名古屋市交通局
93%
近畿 大阪市交通局 2018年
91%
東北 仙台市交通局
90%
近畿 京都市交通局
90%
関東 横浜市交通局
88%
近畿 神戸市交通局
88%
九州 鹿児島市交通局
88%
東北 秋田市交通局 2006年
86%
九州 熊本市交通局 2015年
86%
中部 岐阜市交通事業部 2005年
85%
東北 青森市企業局交通部
84%
近畿 姫路市交通局 2010年
83%
九州 北九州市交通局
83%
四国 徳島市交通局
81%
近畿 高槻市交通部
80%
中部 浜松市交通部 1986年
79%
東北 八戸市交通部
78%
関東 川崎市交通局
77%
九州 佐賀市交通局
75%
近畿 明石市交通部 2012年
73%
中国 山口市交通局 1999年
73%
中国 松江市交通局
73%
中国 倉敷市交通局 1989年
72%
北海道 苫小牧市交通部 2011年
70%
中国 呉市交通局 2012年
70%
近畿 尼崎市交通局 2016年
69%
中国 岩国市交通局 2015年
67%
中国 宇部市交通局
62%
中国 尾道市交通局 2008年
60%
近畿 伊丹市交通局
59%
九州 佐世保市交通局 2019年
58%
中国 三原市交通局 2008年
56%
四国 鳴門市運輸部 2013年
54%
四国 小松島市運輸部 2015年
40%
九州 荒尾市交通局 2005年
28%
No matching quizzes found
Score Distribution
Percent of People with Each Score
Percentile by Number Answered
Your Score History
You have not taken this quiz